Normal view
MARC view
- Suojanen, Tytti,
Entry Personal Name
001 - CONTROL NUMBER
- control field: 41015
003 - CONTROL NUMBER IDENTIFIER
- control field: OSt
005 - DATE AND TIME OF LATEST TRANSACTION
- control field: 20160905100638.0
008 - FIXED-LENGTH DATA ELEMENTS
- fixed length control field: 160905|| aca||aabn | a|a d
040 ## - CATALOGING SOURCE
- Original cataloging agency: OSt
100 1# - HEADING--PERSONAL NAME
- Personal name: Suojanen, Tytti,
- Dates associated with a name: 1969-